000 00597nam a2200217 a 4500
001 001199
003 BD-ChCU
005 20230204155926.0
008 2006 a ii b 5 eng
020 _a9780070607507
040 _aDLC
_cDLC
_dBD-ChCU
082 0 0 _a571.316/K18v
100 1 _aKardong,Kenneth.\\
245 0 0 _aVertibrates:\\
_bComparative anatomy,function,evolution.\\
_cKenneth Kardong
250 _a4th ed.
260 _aNew Delhi
_bTata McGraw Hill
_c2006
300 _a782p.
504 _aIncludes index(757-782),Glossary(738-751) .
650 0 _aVertibrates.
942 _2ddc
_cBK
999 _c1199
_d1199